Les Villes Représentées en Ligue des Champions 2025/2026 - Statistiques

Statistiques générales
  • Ce quiz a été pris 208 fois
    63 depuis la dernière actualisation
  • Le résultat moyen est 25 sur 32
Statistiques - réponses
Pays Ville % Correct
Barcelone
98%
Londres
98%
Espagne Madrid
98%
Manchester
98%
Monaco Monaco
98%
France Paris
98%
Amsterdam
97%
Marseille
97%
Allemagne Munich
95%
Portugal Lisbonne
93%
Milan
93%
Turin
93%
Dortmund
92%
Angleterre Liverpool
92%
Italie Naples
92%
République Tchèque Prague
85%
Bilbao
83%
Belgique Bruges
80%
Danemark Copenhague
80%
Turquie Istanboul
80%
Newcastle
75%
Bergame
72%
Bruxelles
72%
Pays-Bas Eindhoven
70%
Francfort
68%
Leverkusen
68%
Norvège Bodø
55%
Azerbaïdjan Bakou
52%
Chypre Paphos
48%
Kazakhstan Almaty
45%
Grèce Le Pirée
37%
Villarreal
32%
Aucun quiz correspondant
Distribution des résultats
% des personnes avec chaque résultat
Percentile par nombre de réponses
Votre historique - résultats
Vous n’avez pas pris ce quiz depuis la dernière actualisation